UITU Library & LRC     

Furure INC: how businesses can anticipate and profit from what's next (Record no. 17913)

MARC details
000 -LEADER
fixed length control field 00496nam a2200181Ia 4500
008 - FIXED-LENGTH DATA ELEMENTS--GENERAL INFORMATION
fixed length control field 240925s9999 xx 000 0 und d
020 ## - INTERNATIONAL STANDARD BOOK NUMBER
International Standard Book Number 9788120335776
082 ## - DEWEY DECIMAL CLASSIFICATION NUMBER
Classification number 658.401 GAR
100 ## - MAIN ENTRY--PERSONAL NAME
Personal name Garland, Eric
245 #0 - TITLE STATEMENT
Title Furure INC: how businesses can anticipate and profit from what's next
250 ## - EDITION STATEMENT
Edition statement NA
260 ## - PUBLICATION, DISTRIBUTION, ETC.
Place of publication, distribution, etc. New Delhi:
Name of publisher, distributor, etc. PHI Learning
Date of publication, distribution, etc. ,2008.
300 ## - PHYSICAL DESCRIPTION
Extent xiv, 292p.
Other physical details N.A
Type of unit Original
500 ## - GENERAL NOTE
General note Includes Index
600 ## - SUBJECT ADDED ENTRY--PERSONAL NAME
Personal name Management
650 ## - SUBJECT ADDED ENTRY--TOPICAL TERM
Topical term or geographic name entry element Management
942 ## - ADDED ENTRY ELEMENTS (KOHA)
Koha item type Books
Holdings
Withdrawn status Lost status Damaged status Not for loan Collection Home library Current library Date acquired Source of acquisition Total checkouts Full call number Barcode Date last seen Price effective from Koha item type
        Managament Sciences UITU Library UITU Library 04/27/2021 Paramount Book Pvt Ltd   658.401 GAR Q15414 09/25/2024 09/25/2024 Books

Powered by Koha